Theatre choisi de Marivaux.

Enregistré dans:
Détails bibliographiques
Auteur principal: Marivaux, 1688-1763
Format: Livre
Langue:French
Publié: Paris : Flammarion, 1908.
Collection:Les meilleurs auteurs classiques, francais et etrangers
LEADER 00868nam a22002051 4500
001 c000205988
003 CARM
005 20021125002000.0
008 851211s1908 fr 0 fre d
019 1 |a 4165089  |5 LACONCORD2021 
035 |a (OCoLC)6795196  |5 LACONCORD2021 
100 0 |a Marivaux,  |d 1688-1763. 
245 1 0 |a Theatre choisi de Marivaux. 
260 |a Paris :  |b Flammarion,  |c 1908. 
440 4 |a Les meilleurs auteurs classiques, francais et etrangers 
505 0 |a Contains La double inconstance. Le jeu de l'amour et du hasard. L'ecole des meres. Le legs. Las fausses confidences. Les sinceres. L'epreuve. 
852 8 |b CARM  |h A2:AM04A0  |i A03301  |p 0296583  |f BK 
082 0 4 |a 842.5 
999 f f |i f7c67e12-0b47-5383-9470-84786f451c6c  |s eaacb184-bc64-55e2-98f3-e35e37e63a5c 
952 f f |p Can circulate  |a CAVAL  |b CAVAL  |c CAVAL  |d CARM 1 Store  |e A03301  |f A2:AM04A0  |h Other scheme  |i book  |m 0296583